[Event "New York Mayor's Cup"]
[Site "New York"]
[Date "2006.06.26"]
[Round "7"]
[White "Gulko, Boris F"]
[Black "Kamsky, Gata"]
[Result "1/2-1/2"]
[WhiteElo "2585"]
[BlackElo "2671"]
[PlyCount "91"]
[EventDate "2006.06.25"]
[EventType "tourn (rapid)"]
[EventRounds "10"]
[EventCountry "USA"]
[EventCategory "15"]
[SourceTitle "CBM 113 Extra"]
[Source "ChessBase"]
[SourceDate "2006.09.14"]
[SourceVersion "1"]
[SourceVersionDate "2006.09.14"]
[SourceQuality "1"]

1. d4 d5 2. c4 c6 3. Nf3 Nf6 4. Nc3 Qb6 5. e3 Bg4 6. h3 Bxf3 7. Qxf3 e6 8. Bd3
Nbd7 9. O-O Be7 10. c5 Qc7 11. e4 dxe4 12. Nxe4 Nxe4 13. Bxe4 Nf6 14. Bc2 Nd5
15. Re1 Rd8 16. Bd2 Bf6 17. Qe4 Rd7 18. Rad1 Qd8 19. a3 h5 20. Bc1 Ne7 21. Qf4
h4 22. Be3 Nd5 23. Qf3 Kf8 24. Be4 g6 25. Rd2 Kg7 26. Red1 Rh5 27. Qe2 Qc7 28.
Qf3 Bg5 29. Qxh5 gxh5 30. Bxg5 f6 31. Bxh4 Qf4 32. Bxd5 Rxd5 33. Bg3 Qe4 34. f3
Qe3+ 35. Bf2 Qb3 36. Re1 e5 37. Re3 Qc4 38. Rc3 Qa2 39. Rcd3 Qb1+ 40. Kh2 Kg6
41. Be3 a5 42. Bf2 a4 43. Be3 Qf1 44. Rd1 Qe2 45. R1d2 Qf1 46. Rd1 1/2-1/2

[Event "World op 34th"]
[Site "Philadelphia"]
[Date "2006.07.02"]
[Round "5"]
[White "Kamsky, Gata"]
[Black "Vescovi, Giovanni P"]
[Result "1-0"]
[WhiteElo "2671"]
[BlackElo "2622"]
[PlyCount "109"]
[EventDate "2006.06.28"]
[EventType "swiss"]
[EventRounds "9"]
[EventCountry "USA"]
[SourceTitle "CBM 112 Extra"]
[Source "ChessBase"]
[SourceDate "2006.07.14"]
[SourceVersion "1"]
[SourceVersionDate "2006.07.14"]
[SourceQuality "1"]

1. e4 e5 2. Nf3 Nc6 3. Bb5 a6 4. Ba4 Nf6 5. O-O Be7 6. Re1 b5 7. Bb3 O-O 8. d4
d6 9. c3 Bg4 10. d5 Na5 11. Bc2 Qc8 12. h3 Bd7 13. Bg5 c6 14. dxc6 Qxc6 15.
Nbd2 Be6 16. Rc1 h6 17. Bh4 Qb7 18. b3 Rac8 19. Bb1 g6 20. Nf1 Nh5 21. Qd2 Kg7
22. Bxe7 Qxe7 23. c4 Nc6 24. Bd3 bxc4 25. Bxc4 Nb8 26. Bxe6 Qxe6 27. Rxc8 Rxc8
28. Ne3 Nf6 29. Nc4 Rc6 30. Qb4 Qc8 31. Nxd6 Qf8 32. Rd1 Nbd7 33. Qd2 Qe7 34.
Nc4 Qc5 35. Re1 Re6 36. Qe3 Qc7 37. Rc1 Qb7 38. Rd1 Re7 39. Nfd2 Qc6 40. f3 Nc5
41. Nb1 Rd7 42. Rxd7 Ncxd7 43. Nc3 h5 44. h4 Qe6 45. Qd2 Ne8 46. Nd5 Qc6 47.
Nb4 Qb7 48. Nxa6 Nb6 49. Nb4 Nxc4 50. bxc4 Qe7 51. Qc3 Qxh4 52. Qxe5+ f6 53.
Qe7+ Kh6 54. Nd3 Qg5 55. f4 1-0

[Event "Kamsky-Mamedyarov m"]
[Site "Playchess.com INT"]
[Date "2006.09.19"]
[Round "?"]
[White "Kamsky, Gata"]
[Black "Mamedyarov, Shakhriyar"]
[Result "1/2-1/2"]
[WhiteElo "2697"]
[BlackElo "2722"]
[PlyCount "80"]
[EventDate "2006.09.19"]
[EventType "match (blitz)"]
[EventRounds "12"]
[EventCountry "GER"]
[SourceTitle "CBM 115 Extra"]
[Source "ChessBase"]
[SourceDate "2007.01.10"]
[SourceVersion "1"]
[SourceVersionDate "2007.01.10"]
[SourceQuality "1"]

1. e4 Nf6 2. e5 Nd5 3. d4 d6 4. Nf3 dxe5 5. Nxe5 c6 6. c4 Nb4 7. Be3 Bf5 8. Na3
Nd7 9. Nf3 e5 10. Be2 e4 11. Nd2 Nd3+ 12. Bxd3 exd3 13. Qb3 Qb6 14. O-O Qxb3
15. axb3 Bb4 16. Nab1 O-O 17. Nc3 Rfd8 18. Rfd1 Nf8 19. f3 Ne6 20. d5 Bxc3 21.
bxc3 cxd5 22. Rxa7 Rxa7 23. Bxa7 dxc4 24. Nxc4 h5 25. Bb6 Ra8 26. Nd6 Bg6 27.
Ne4 Bxe4 28. fxe4 Ra3 29. Rxd3 Rxb3 30. Be3 b5 31. Kf2 Kh7 32. Ke2 Rb2+ 33. Rd2
Rb3 34. Rd5 Rb2+ 35. Kf3 g6 36. h3 Rb3 37. Ke2 Rxc3 38. Rxb5 Rc2+ 39. Kf3 Rc3
40. Rd5 Rb3 1/2-1/2

[Event "Kamsky-Mamedyarov m"]
[Site "Playchess.com INT"]
[Date "2006.09.19"]
[Round "?"]
[White "Kamsky, Gata"]
[Black "Mamedyarov, Shakhriyar"]
[Result "1-0"]
[WhiteElo "2697"]
[BlackElo "2722"]
[PlyCount "115"]
[EventDate "2006.09.19"]
[EventType "match (blitz)"]
[EventRounds "12"]
[EventCountry "GER"]
[SourceTitle "CBM 115 Extra"]
[Source "ChessBase"]
[SourceDate "2007.01.10"]
[SourceVersion "1"]
[SourceVersionDate "2007.01.10"]
[SourceQuality "1"]

1. e4 e5 2. Nf3 Nc6 3. Bb5 a6 4. Bxc6 dxc6 5. O-O Bg4 6. h3 Bxf3 7. Qxf3 Qd7 8.
c3 O-O-O 9. d4 exd4 10. cxd4 Qxd4 11. Nc3 Qf6 12. Qg3 Bd6 13. f4 Bc5+ 14. Kh2
Ne7 15. f5 Bd6 16. Bf4 Bxf4 17. Qxf4 Qd6 18. e5 Qd4 19. Qg3 g6 20. Rad1 Qc4 21.
fxg6 fxg6 22. Qg5 Nf5 23. Rfe1 Rxd1 24. Rxd1 Re8 25. Re1 b6 26. Re4 Qc5 27. Qf4
Ng7 28. Qh6 Nf5 29. Qxh7 Kb7 30. Qxg6 Rxe5 31. Qf6 Rxe4 32. Nxe4 Qd5 33. Nc3
Qd3 34. Qe5 Qc2 35. Ne2 b5 36. b4 Qxa2 37. Qxf5 Qxe2 38. h4 a5 39. bxa5 b4 40.
Qc5 Qb5 41. Qxb5+ cxb5 42. h5 b3 43. h6 b2 44. h7 b1=Q 45. h8=Q Qe1 46. Qd4
Qxa5 47. g4 c6 48. g5 Qc7+ 49. Kh3 c5 50. Qe4+ Kb6 51. g6 b4 52. Qe6+ Kb5 53.
Qf7 Qc8+ 54. Kh4 Qh8+ 55. Kg5 Qe5+ 56. Kh6 Qh8+ 57. Kg5 Qf6+ 58. Kxf6 1-0

[Event "Kamsky-Mamedyarov m"]
[Site "Playchess.com INT"]
[Date "2006.09.19"]
[Round "?"]
[White "Kamsky, Gata"]
[Black "Mamedyarov, Shakhriyar"]
[Result "0-1"]
[WhiteElo "2697"]
[BlackElo "2722"]
[PlyCount "72"]
[EventDate "2006.09.19"]
[EventType "match (blitz)"]
[EventRounds "12"]
[EventCountry "GER"]
[SourceTitle "CBM 115 Extra"]
[Source "ChessBase"]
[SourceDate "2007.01.10"]
[SourceVersion "1"]
[SourceVersionDate "2007.01.10"]
[SourceQuality "1"]

1. d4 Nf6 2. Nf3 g6 3. Bf4 Bg7 4. e3 O-O 5. h3 d5 6. c4 c5 7. Nc3 cxd4 8. Nxd4
Nc6 9. Be2 dxc4 10. Nxc6 bxc6 11. e4 Nd7 12. O-O Ne5 13. Qc2 Nd3 14. Rad1 Qb6
15. Na4 Qd4 16. Nc3 Ba6 17. Be3 Qe5 18. f4 Qa5 19. e5 Bh6 20. Rf3 Rfd8 21. Kh1
Rab8 22. Rb1 c5 23. f5 Bxe3 24. Rxe3 gxf5 25. Bh5 f4 26. Re2 Qb6 27. e6 fxe6
28. Ne4 e5 29. Rf1 Qh6 30. Bf3 Rxb2 31. Qa4 Rxe2 32. Bxe2 Nb2 33. Qa5 Rb8 34.
Nxc5 Nd3 35. Qxa6 Nf2+ 36. Rxf2 Qxa6 0-1

[Event "Kamsky-Mamedyarov m"]
[Site "Playchess.com INT"]
[Date "2006.09.19"]
[Round "?"]
[White "Kamsky, Gata"]
[Black "Mamedyarov, Shakhriyar"]
[Result "0-1"]
[WhiteElo "2697"]
[BlackElo "2722"]
[PlyCount "92"]
[EventDate "2006.09.19"]
[EventType "match (blitz)"]
[EventRounds "12"]
[EventCountry "GER"]
[SourceTitle "CBM 115 Extra"]
[Source "ChessBase"]
[SourceDate "2007.01.10"]
[SourceVersion "1"]
[SourceVersionDate "2007.01.10"]
[SourceQuality "1"]

1. d4 Nf6 2. Bg5 g6 3. Bxf6 exf6 4. e4 Bg7 5. Nf3 O-O 6. Bd3 c5 7. c3 cxd4 8.
cxd4 f5 9. exf5 Re8+ 10. Kf1 d5 11. fxg6 hxg6 12. h3 Nc6 13. Bb5 Qb6 14. Nc3 a6
15. Bxc6 bxc6 16. Na4 Qb4 17. Rc1 Bf5 18. a3 Qb5+ 19. Kg1 Be4 20. Ne5 Bxe5 21.
dxe5 Rxe5 22. Qd4 Rae8 23. Nc5 Bf5 24. Kh2 Qb8 25. Nxa6 Qd6 26. Qc5 Qf6 27. Qc3
Bxh3 28. Kg1 Bxg2 29. Kxg2 d4 30. Qh3 Qg5+ 31. Qg3 Qf6 32. Rc5 d3 33. Rd1 Qf5
34. Rxe5 Rxe5 35. Nb4 Qe4+ 36. Kg1 Rh5 37. Qg2 Qe7 38. Kf1 Rg5 39. Qf3 Rf5 40.
Qxd3 Kh7 41. Qd8 Qe4 42. Qd3 Qh1+ 43. Ke2 Qh5+ 44. Kd2 Rxf2+ 45. Kc1 c5 46. Nc2
Qg5+ 0-1

[Event "Kamsky-Mamedyarov m"]
[Site "Playchess.com INT"]
[Date "2006.09.19"]
[Round "?"]
[White "Kamsky, Gata"]
[Black "Mamedyarov, Shakhriyar"]
[Result "1-0"]
[WhiteElo "2697"]
[BlackElo "2722"]
[PlyCount "51"]
[EventDate "2006.09.19"]
[EventType "match (blitz)"]
[EventRounds "12"]
[EventCountry "GER"]
[SourceTitle "CBM 115 Extra"]
[Source "ChessBase"]
[SourceDate "2007.01.10"]
[SourceVersion "1"]
[SourceVersionDate "2007.01.10"]
[SourceQuality "1"]

1. e4 e5 2. f4 Nc6 3. Nf3 exf4 4. d4 d5 5. exd5 Qxd5 6. Bxf4 Bg4 7. Be2 O-O-O
8. c3 Bd6 9. Bxd6 Qxd6 10. O-O Nf6 11. Nbd2 Nd5 12. Nc4 Qh6 13. Nfe5 Bxe2 14.
Qxe2 Nxe5 15. Nxe5 Rhe8 16. Qg4+ Kb8 17. Nxf7 Qe3+ 18. Kh1 Rc8 19. Ne5 Qd2 20.
Qf3 Nf6 21. Rf2 Qh6 22. Re1 Re6 23. Rfe2 Rce8 24. h3 a6 25. d5 R6e7 26. Nc6+
1-0

[Event "Kamsky-Mamedyarov m"]
[Site "Playchess.com INT"]
[Date "2006.09.19"]
[Round "?"]
[White "Kamsky, Gata"]
[Black "Mamedyarov, Shakhriyar"]
[Result "1-0"]
[WhiteElo "2697"]
[BlackElo "2722"]
[PlyCount "117"]
[EventDate "2006.09.19"]
[EventType "match (blitz)"]
[EventRounds "12"]
[EventCountry "GER"]
[SourceTitle "CBM 115 Extra"]
[Source "ChessBase"]
[SourceDate "2007.01.10"]
[SourceVersion "1"]
[SourceVersionDate "2007.01.10"]
[SourceQuality "1"]

1. e4 e5 2. f4 Nc6 3. Nf3 d6 4. Bb5 Bg4 5. O-O exf4 6. d4 a6 7. Bxc6+ bxc6 8.
Bxf4 Nf6 9. Nc3 Be7 10. h3 Bh5 11. Qe1 O-O 12. Nh4 Nd5 13. Nf5 Nxf4 14. Nxe7+
Qxe7 15. Rxf4 Bg6 16. Qf2 Rae8 17. Rf1 h6 18. Kh1 Qg5 19. h4 Qa5 20. g4 f6 21.
Kh2 c5 22. dxc5 Qxc5 23. Qxc5 dxc5 24. Rd1 Rd8 25. Rd5 c6 26. Rxc5 Rd2+ 27. Kg3
Rxc2 28. Rf2 Rc1 29. Kf4 Re8 30. Ra5 Re1 31. Ra4 h5 32. gxh5 Bxh5 33. Rxa6 Rh1
34. Rxc6 Rxh4+ 35. Ke3 Rh3+ 36. Kd4 Bg6 37. a4 Bxe4 38. Nxe4 Rh4 39. Re2 f5 40.
a5 fxe4 41. Re3 Rh1 42. b4 Rd1+ 43. Kc5 Rc1+ 44. Kb5 Rb1 45. Rc4 Re5+ 46. Ka4
Ra1+ 47. Kb3 Rb1+ 48. Ka2 Rh1 49. Rcxe4 Rf5 50. Kb3 Rff1 51. Ka4 Ra1+ 52. Ra3
Rab1 53. a6 Rh6 54. Ka5 Rh5+ 55. Ka4 Rh6 56. b5 Rb6 57. Rb4 Rd1 58. Ka5 Rd8 59.
Kxb6 1-0

[Event "Kamsky-Mamedyarov m"]
[Site "Playchess.com INT"]
[Date "2006.09.19"]
[Round "?"]
[White "Mamedyarov, Shakhriyar"]
[Black "Kamsky, Gata"]
[Result "1-0"]
[WhiteElo "2722"]
[BlackElo "2697"]
[PlyCount "93"]
[EventDate "2006.09.19"]
[EventType "match (blitz)"]
[EventRounds "12"]
[EventCountry "GER"]
[SourceTitle "CBM 115 Extra"]
[Source "ChessBase"]
[SourceDate "2007.01.10"]
[SourceVersion "1"]
[SourceVersionDate "2007.01.10"]
[SourceQuality "1"]

1. e4 e5 2. Nf3 Nc6 3. Nc3 Nf6 4. g3 d5 5. exd5 Nd4 6. Bg2 Bg4 7. h3 Bf5 8. d3
Bd6 9. Nxd4 exd4 10. Ne2 Bc5 11. c4 dxc3 12. bxc3 Nxd5 13. d4 Bb6 14. c4 Nb4
15. O-O c6 16. g4 Bg6 17. c5 Bc7 18. Nf4 Bxf4 19. Qe1+ Kf8 20. Qxb4 Bxc1 21.
Raxc1 h5 22. Qxb7 hxg4 23. hxg4 Rc8 24. Rfd1 Rc7 25. Qb3 Rh4 26. Qg3 Rc8 27. d5
Qg5 28. Rc4 Rd8 29. d6 Bf5 30. Qf4 Rxg4 31. Qxg5 Rxg5 32. Rc3 Be6 33. Rg3 Rxc5
34. d7 Rxd7 35. Rxd7 Bxd7 36. Rd3 Be6 37. Rd1 Ke7 38. Re1 Ra5 39. f4 Kf6 40. f5
Kxf5 41. Bxc6 Rxa2 42. Bg2 Kg5 43. Bh3 Bxh3 44. Re3 Rg2+ 45. Kh1 Kh4 46. Re4+
Bg4 47. Re2 1-0

[Event "Kamsky-Mamedyarov m"]
[Site "Playchess.com INT"]
[Date "2006.09.19"]
[Round "?"]
[White "Mamedyarov, Shakhriyar"]
[Black "Kamsky, Gata"]
[Result "1/2-1/2"]
[WhiteElo "2722"]
[BlackElo "2697"]
[PlyCount "114"]
[EventDate "2006.09.19"]
[EventType "match (blitz)"]
[EventRounds "12"]
[EventCountry "GER"]
[SourceTitle "CBM 115 Extra"]
[Source "ChessBase"]
[SourceDate "2007.01.10"]
[SourceVersion "1"]
[SourceVersionDate "2007.01.10"]
[SourceQuality "1"]

1. d4 d5 2. c4 c6 3. Nc3 Nf6 4. Nf3 Qb6 5. Qc2 Bg4 6. e3 e6 7. Ne5 Bf5 8. Bd3
Bxd3 9. Qxd3 Qa6 10. Qe2 Bd6 11. f4 Nbd7 12. c5 Bc7 13. Qxa6 bxa6 14. Nxc6 Rc8
15. Nxa7 Ra8 16. Nc6 Nb8 17. Ne5 Bxe5 18. fxe5 Nfd7 19. b4 Nc6 20. Rb1 f6 21.
exf6 Nxf6 22. a4 Kd7 23. Ke2 Rhb8 24. Ba3 Ne7 25. Rb3 Ne4 26. Nxe4 dxe4 27. b5
axb5 28. axb5 Nd5 29. Kd2 Ra4 30. Rf1 Rxb5 31. Rxb5 Rxa3 32. Rb7+ Kc6 33. Rxg7
Ra2+ 34. Ke1 Nxe3 35. Rf6 Nc2+ 36. Kd2 Nxd4+ 37. Kc3 Ra4 38. Rg4 Kd5 39. Rg5+
e5 40. Rd6+ Kxc5 41. Rxd4 Rxd4 42. Rxe5+ Rd5 43. Rxe4 Rg5 44. g3 Kd5 45. Kd3
Rf5 46. Ke3 Kd6 47. h4 h5 48. Re8 Re5+ 49. Rxe5 Kxe5 50. Kf2 Ke4 51. Kg2 Ke5
52. Kf3 Kf5 53. Ke3 Ke5 54. Kf3 Kf5 55. g4+ hxg4+ 56. Kg3 Kg6 57. Kxg4 Kh6
1/2-1/2

[Event "Kamsky-Mamedyarov m"]
[Site "Playchess.com INT"]
[Date "2006.09.19"]
[Round "?"]
[White "Mamedyarov, Shakhriyar"]
[Black "Kamsky, Gata"]
[Result "1/2-1/2"]
[WhiteElo "2722"]
[BlackElo "2697"]
[PlyCount "128"]
[EventDate "2006.09.19"]
[EventType "match (blitz)"]
[EventRounds "12"]
[EventCountry "GER"]
[SourceTitle "CBM 115 Extra"]
[Source "ChessBase"]
[SourceDate "2007.01.10"]
[SourceVersion "1"]
[SourceVersionDate "2007.01.10"]
[SourceQuality "1"]

1. d4 d5 2. c4 c6 3. Nc3 Nf6 4. e3 g6 5. Nf3 Bg7 6. Be2 O-O 7. O-O Bg4 8. Qb3
Qb6 9. cxd5 Qxb3 10. axb3 Nxd5 11. Bd2 e6 12. Rfc1 Nd7 13. h3 Bxf3 14. Bxf3 a6
15. Na4 N5b6 16. Ba5 Nd5 17. Be1 f5 18. b4 Kf7 19. Ra3 Rfe8 20. g3 Rab8 21. Nc5
N7f6 22. Kf1 Nc7 23. Rac3 Nfd5 24. R3c2 Re7 25. Bg2 e5 26. dxe5 Bxe5 27. Bc3
Bf6 28. Rd1 Nxc3 29. bxc3 Nb5 30. Rd3 Na3 31. Ra2 Nc4 32. Ke2 h5 33. Nd7 Rd8
34. Nxf6 Rxd3 35. Kxd3 Ne5+ 36. Ke2 Kxf6 37. Rd2 Rd7 38. Rxd7 Nxd7 39. f4 Ke6
40. e4 fxe4 41. Bxe4 Kf6 42. g4 hxg4 43. hxg4 g5 44. Bf5 Nb6 45. fxg5+ Kxg5 46.
Kd3 Kf6 47. Kd4 Ke7 48. c4 Na4 49. Bc8 b6 50. c5 a5 51. bxa5 bxa5 52. Bf5 Nb2
53. Kc3 Nd1+ 54. Kb3 Ne3 55. Ka4 Kf6 56. Kxa5 Ke5 57. Kb6 Kd5 58. Bd3 Nxg4 59.
Be2 Ne5 60. Bf1 Nd7+ 61. Kc7 Nxc5 62. Bg2+ Kd4 63. Bxc6 Nd3 64. Bb5 Nf4 1/2-1/2

[Event "Kamsky-Mamedyarov m"]
[Site "Playchess.com INT"]
[Date "2006.09.19"]
[Round "?"]
[White "Mamedyarov, Shakhriyar"]
[Black "Kamsky, Gata"]
[Result "0-1"]
[WhiteElo "2722"]
[BlackElo "2697"]
[PlyCount "122"]
[EventDate "2006.09.19"]
[EventType "match (blitz)"]
[EventRounds "12"]
[EventCountry "GER"]
[SourceTitle "CBM 115 Extra"]
[Source "ChessBase"]
[SourceDate "2007.01.10"]
[SourceVersion "1"]
[SourceVersionDate "2007.01.10"]
[SourceQuality "1"]

1. d4 d5 2. Nf3 Nf6 3. c4 c6 4. Nc3 a6 5. e3 b5 6. b3 Bg4 7. Be2 e6 8. O-O Nbd7
9. h3 Bxf3 10. Bxf3 Bb4 11. Qc2 O-O 12. Bd2 bxc4 13. bxc4 Nb6 14. Nxd5 Nbxd5
15. cxd5 Bxd2 16. dxc6 Ba5 17. c7 Qxc7 18. Qxc7 Bxc7 19. Bxa8 Rxa8 20. Rfc1 Ra7
21. Rc6 Kf8 22. Rac1 Ne8 23. Kf1 Ke7 24. Ke2 Kd7 25. Kd3 a5 26. e4 Rb7 27. R6c3
Rb2 28. R1c2 Rb4 29. Rc4 Rb1 30. Rc1 Rb7 31. g3 g6 32. f4 h5 33. Rc5 Nd6 34. e5
Nf5 35. d5 Bb6 36. Rb5 Ne7 37. dxe6+ fxe6 38. g4 hxg4 39. hxg4 Rc7 40. Rxc7+
Kxc7 41. Ke4 Kc6 42. Rb2 Bc5 43. Rd2 a4 44. Rd8 Kb5 45. Rf8 Kc4 46. Rf6 Nd5 47.
Rxe6 Nc3+ 48. Kf3 Nxa2 49. Ra6 Kb5 50. Ra8 Nb4 51. f5 gxf5 52. gxf5 Na6 53. Rd8
a3 54. Rd1 Nb4 55. e6 Be7 56. Kf4 Bf6 57. Ke4 a2 58. Re1 Kc6 59. Rh1 Kd6 60.
Rc1 a1=Q 61. Rd1+ Qxd1 0-1

[Event "Kamsky-Mamedyarov m"]
[Site "Playchess.com INT"]
[Date "2006.09.19"]
[Round "?"]
[White "Mamedyarov, Shakhriyar"]
[Black "Kamsky, Gata"]
[Result "0-1"]
[WhiteElo "2722"]
[BlackElo "2697"]
[PlyCount "52"]
[EventDate "2006.09.19"]
[EventType "match (blitz)"]
[EventRounds "12"]
[EventCountry "GER"]
[SourceTitle "CBM 115 Extra"]
[Source "ChessBase"]
[SourceDate "2007.01.10"]
[SourceVersion "1"]
[SourceVersionDate "2007.01.10"]
[SourceQuality "1"]

1. d4 d5 2. c4 c6 3. Nc3 Nf6 4. Nf3 Qb6 5. Qc2 Bg4 6. Ne5 Qxd4 7. Nxg4 Qxg4 8.
cxd5 Nxd5 9. h3 Qd7 10. e4 Nb6 11. Bf4 Qe6 12. Rd1 N8d7 13. Be2 h5 14. a4 a5
15. O-O Qf6 16. Bh2 e5 17. f4 Bc5+ 18. Kh1 Qe7 19. fxe5 Nxe5 20. Rf5 Nbd7 21.
Rxh5 Rxh5 22. Bxh5 O-O-O 23. Be2 f6 24. Nb1 Bb4 25. Nd2 Qc5 26. Qb1 Qe3 0-1

[Event "Kamsky-Mamedyarov m"]
[Site "Playchess.com INT"]
[Date "2006.09.19"]
[Round "?"]
[White "Mamedyarov, Shakhriyar"]
[Black "Kamsky, Gata"]
[Result "1-0"]
[WhiteElo "2722"]
[BlackElo "2697"]
[PlyCount "81"]
[EventDate "2006.09.19"]
[EventType "match (blitz)"]
[EventRounds "12"]
[EventCountry "GER"]
[SourceTitle "CBM 115 Extra"]
[Source "ChessBase"]
[SourceDate "2007.01.10"]
[SourceVersion "1"]
[SourceVersionDate "2007.01.10"]
[SourceQuality "1"]

1. d4 d5 2. c4 c6 3. Nc3 Nf6 4. e3 g6 5. Nf3 Bg7 6. Be2 O-O 7. O-O Bg4 8. Ne5
Bxe2 9. Qxe2 Nbd7 10. Rd1 e6 11. Nxd7 Qxd7 12. b3 Ne4 13. Nxe4 dxe4 14. Ba3
Rfd8 15. Rd2 b6 16. Rad1 a5 17. f3 a4 18. b4 exf3 19. Qxf3 b5 20. Rc2 e5 21.
cxb5 cxb5 22. d5 Rac8 23. Rc5 Bf8 24. e4 f5 25. exf5 gxf5 26. Qg3+ Bg7 27. d6
Re8 28. Bb2 f4 29. Qh3 Rcd8 30. Qxd7 Rxd7 31. Rxb5 e4 32. Rg5 e3 33. Bxg7 Rxg7
34. Rxg7+ Kxg7 35. d7 Rd8 36. Kf1 Kf6 37. Ke2 Ke6 38. g3 fxg3 39. hxg3 Rxd7 40.
Rxd7 Kxd7 41. a3 1-0

[Event "ACP Blitz"]
[Site "Playchess.com INT"]
[Date "2006.??.??"]
[Round "1"]
[White "Guilleux, Fabien"]
[Black "Kamsky, Gata"]
[Result "0-1"]
[WhiteElo "2100"]
[BlackElo "2692"]
[PlyCount "74"]
[EventDate "2006.12.??"]
[EventType "swiss (blitz)"]
[EventRounds "11"]
[EventCountry "GER"]
[SourceTitle "EXT 2013"]
[Source "ChessBase"]
[SourceDate "2012.11.22"]
[SourceVersion "1"]
[SourceVersionDate "2012.11.22"]
[SourceQuality "1"]

1. e4 c5 2. Nf3 e6 3. Nc3 a6 4. d4 cxd4 5. Nxd4 Qc7 6. Be2 Nf6 7. O-O b5 8. Bf3
e5 9. Nf5 d6 10. Bg5 Nbd7 11. Ne3 Bb7 12. Bxf6 Nxf6 13. Ned5 Nxd5 14. Nxd5 Qc5
15. c3 Bxd5 16. Qxd5 Qxd5 17. exd5 Be7 18. a4 O-O 19. Be2 bxa4 20. Rxa4 a5 21.
Rfa1 Rab8 22. R1a2 Bd8 23. f4 Bb6+ 24. Kf1 exf4 25. Rxf4 Rfe8 26. g3 g6 27. c4
Kg7 28. Rf3 Bc7 29. h3 Re4 30. Bd3 Re5 31. Be2 Rbe8 32. b3 Bb6 33. Rc2 h5 34.
g4 hxg4 35. hxg4 Re4 36. Rg3 Rf4+ 37. Kg2 Rf2+ 0-1

[Event "ACP Blitz"]
[Site "Playchess.com INT"]
[Date "2006.??.??"]
[Round "1"]
[White "Kamsky, Gata"]
[Black "Guilleux, Fabien"]
[Result "1-0"]
[WhiteElo "2692"]
[BlackElo "2100"]
[PlyCount "59"]
[EventDate "2006.12.??"]
[EventType "swiss (blitz)"]
[EventRounds "11"]
[EventCountry "GER"]
[SourceTitle "EXT 2013"]
[Source "ChessBase"]
[SourceDate "2012.11.22"]
[SourceVersion "1"]
[SourceVersionDate "2012.11.22"]
[SourceQuality "1"]

1. d4 Nf6 2. Nf3 g6 3. Bg5 Bg7 4. Nbd2 O-O 5. c3 d6 6. e4 c5 7. Bd3 h6 8. Bh4
Nh5 9. O-O Nc6 10. d5 Ne5 11. Nxe5 Bxe5 12. Nc4 Bg7 13. a4 b6 14. Qd2 Rb8 15.
f4 a6 16. Be2 b5 17. axb5 axb5 18. Na5 Bd7 19. Bxh5 gxh5 20. f5 b4 21. f6 exf6
22. Qf4 Bb5 23. c4 Be8 24. h3 Rb6 25. Rf3 Kh8 26. Rg3 Bd7 27. Rf1 Rg8 28. Rxg7
Rxg7 29. Bxf6 Qg8 30. Qxh6+ 1-0

[Event "ACP Blitz"]
[Site "Playchess.com INT"]
[Date "2006.??.??"]
[Round "1"]
[White "Kamsky, Gata"]
[Black "Socko, Bartosz"]
[Result "1-0"]
[WhiteElo "2692"]
[BlackElo "2630"]
[PlyCount "69"]
[EventDate "2006.12.??"]
[EventType "swiss (blitz)"]
[EventRounds "11"]
[EventCountry "GER"]
[SourceTitle "EXT 2013"]
[Source "ChessBase"]
[SourceDate "2012.11.22"]
[SourceVersion "1"]
[SourceVersionDate "2012.11.22"]
[SourceQuality "1"]

1. d4 Nf6 2. Nf3 g6 3. Bf4 Bg7 4. e3 d6 5. h3 O-O 6. c3 Nc6 7. Be2 Nd7 8. e4 e5
9. dxe5 dxe5 10. Bg5 f6 11. Be3 Nb6 12. Nbd2 Be6 13. a4 a5 14. Bxb6 cxb6 15.
Bc4 Qe7 16. Bxe6+ Qxe6 17. Qb3 Qxb3 18. Nxb3 f5 19. Ke2 Bh6 20. Rhd1 fxe4 21.
Nfd2 Bxd2 22. Nxd2 Rfd8 23. Nc4 Kf7 24. Nxb6 Rab8 25. Nd7 Rbc8 26. Nc5 Ne7 27.
Nxb7 Rxd1 28. Rxd1 Rb8 29. Rd7 Kf6 30. b4 axb4 31. cxb4 Nc6 32. b5 Nd4+ 33. Kd2
Ra8 34. Nc5 Ne6 35. Rd6 1-0

[Event "ACP Blitz"]
[Site "Playchess.com INT"]
[Date "2006.??.??"]
[Round "1"]
[White "Kamsky, Gata"]
[Black "Socko, Bartosz"]
[Result "1/2-1/2"]
[WhiteElo "2692"]
[BlackElo "2630"]
[PlyCount "86"]
[EventDate "2006.12.??"]
[EventType "swiss (blitz)"]
[EventRounds "11"]
[EventCountry "GER"]
[SourceTitle "EXT 2013"]
[Source "ChessBase"]
[SourceDate "2012.11.22"]
[SourceVersion "1"]
[SourceVersionDate "2012.11.22"]
[SourceQuality "1"]

1. d4 e6 2. e4 d5 3. Nc3 Bb4 4. e5 c5 5. a3 Bxc3+ 6. bxc3 Ne7 7. Qg4 Kf8 8. Bd3
Qa5 9. Bd2 Qa4 10. Ra2 Nbc6 11. Nf3 b6 12. O-O Ba6 13. Rb1 Bxd3 14. cxd3 c4 15.
Ne1 Na5 16. dxc4 dxc4 17. Nf3 Nb3 18. Ng5 Qd7 19. Qf3 Nd5 20. a4 Kg8 21. Ne4 h6
22. Nd6 Qc7 23. Bc1 Nxc1 24. Rxc1 Rf8 25. a5 Kh7 26. axb6 axb6 27. Qe4+ g6 28.
Qe2 Ra8 29. h4 Qc6 30. Rxa8 Rxa8 31. Nxf7 Rf8 32. Nd6 Nf4 33. Qf1 Nd3 34. Rc2
b5 35. Qd1 Qd5 36. Ra2 b4 37. Qg4 Rg8 38. Ra7+ Rg7 39. Rxg7+ Kxg7 40. Ne8+ Kf7
41. Nd6+ Kg7 42. Ne8+ Kf7 43. Nd6+ Kg7 1/2-1/2

[Event "ACP Blitz"]
[Site "Playchess.com INT"]
[Date "2006.??.??"]
[Round "1"]
[White "Socko, Bartosz"]
[Black "Kamsky, Gata"]
[Result "0-1"]
[WhiteElo "2630"]
[BlackElo "2692"]
[PlyCount "92"]
[EventDate "2006.12.??"]
[EventType "swiss (blitz)"]
[EventRounds "11"]
[EventCountry "GER"]
[SourceTitle "EXT 2013"]
[Source "ChessBase"]
[SourceDate "2012.11.22"]
[SourceVersion "1"]
[SourceVersionDate "2012.11.22"]
[SourceQuality "1"]

1. d4 d5 2. c4 c6 3. Nf3 Nf6 4. e3 Qb6 5. Nc3 Bg4 6. h3 Bxf3 7. gxf3 e6 8. c5
Qc7 9. f4 b6 10. b4 a5 11. cxb6 Qxb6 12. bxa5 Qxa5 13. Bd2 Qa3 14. Bd3 Nbd7 15.
O-O Bb4 16. Qc2 O-O 17. Rfb1 Ba5 18. Rb3 Qd6 19. Rab1 c5 20. Nb5 Qe7 21. Bxa5
Rxa5 22. dxc5 Nxc5 23. Rc3 Nxd3 24. Rxd3 Ne4 25. Nd4 Qh4 26. Kg2 h6 27. Nf3 Qh5
28. Rdb3 g5 29. fxg5 hxg5 30. Rb8 g4 31. Rxf8+ Kxf8 32. Ng1 Ra8 33. Rb7 Qg6 34.
hxg4 Qxg4+ 35. Kf1 Qf5 36. Qb2 e5 37. f3 Rc8 38. Rb8 Nd2+ 39. Ke2 Nc4 40. Rxc8+
Qxc8 41. Qb4+ Kg7 42. Qc3 f6 43. e4 d4 44. Qc1 Qa6 45. Ke1 Qxa2 46. Ne2 d3 0-1

[Event "ACP Blitz"]
[Site "Playchess.com INT"]
[Date "2006.??.??"]
[Round "1"]
[White "Socko, Bartosz"]
[Black "Kamsky, Gata"]
[Result "0-1"]
[WhiteElo "2630"]
[BlackElo "2692"]
[PlyCount "66"]
[EventDate "2006.12.??"]
[EventType "swiss (blitz)"]
[EventRounds "11"]
[EventCountry "GER"]
[SourceTitle "EXT 2013"]
[Source "ChessBase"]
[SourceDate "2012.11.22"]
[SourceVersion "1"]
[SourceVersionDate "2012.11.22"]
[SourceQuality "1"]

1. d4 d5 2. c4 c6 3. Nf3 Nf6 4. Nc3 Qb6 5. e3 Bg4 6. Bd3 e6 7. O-O Nbd7 8. a3
a5 9. h3 Bxf3 10. Qxf3 Be7 11. Qg3 O-O 12. c5 Qa7 13. Bd2 b6 14. b4 axb4 15.
axb4 Qxa1 16. Rxa1 Rxa1+ 17. Kh2 bxc5 18. bxc5 Rc8 19. f4 h5 20. Qf2 Rb8 21.
Be1 g6 22. Qd2 Bd8 23. Bg3 Rb3 24. Qc2 Raa3 25. Be1 Ba5 26. Nb1 Bxe1 27. Nxa3
Rxa3 28. Bxg6 Rxe3 29. g4 hxg4 30. hxg4 Nxg4+ 31. Kg1 Rg3+ 32. Kh1 Bf2 33.
Bxf7+ Kf8 0-1